| 000 | 01096nam a2200253Ia 4500 | ||
|---|---|---|---|
| 001 | 230.92-KÜN ha me (22140) | ||
| 003 | IT-MiSPE | ||
| 008 | 171229s9999||||xx |||||||||||||| ||und|| | ||
| 040 |
_aIT-MiSPE _cIT-MiSPE |
||
| 041 | _aITALIANO | ||
| 100 | _aHans Küng | ||
| 240 | _aErkämpfte Freiheit: Erinnerungen | ||
| 245 | 0 |
_aLa mia battaglia per la libertà _bMemorie |
|
| 250 | _a1a ed. (v) | ||
| 260 |
_aReggio E. _bDiabasis _c2008 |
||
| 300 |
_a552 p. _c23 cm |
||
| 490 |
_aL'albero dei limoni _v8 |
||
| 501 | _aEdizioni San Paolo srl - Piazza Soncino, 5 - 20092 CINISELLO BALSAMO (MI) (non commercial uses only) ® Copyright 2018 | ||
| 520 | _aFA | ||
| 700 |
_aFrancesco e Guido Ghia _g(traduzione) |
||
| 942 | _cBK | ||
| 957 | _71 | ||
| 999 |
_a13507 _bNO _g Copie: 1 _c339890 _d339890 |
||